| 000 | 00400pab a2200157 454500 | ||
|---|---|---|---|
| 008 | 180718b2006 xxu||||| |||| 00| 0 eng d | ||
| 100 | _aGwartney, James D. | ||
| 245 | _aInstitutions and the impact of investment on growth | ||
| 260 | _c2006 | ||
| 300 | _ap.255-73. | ||
| 650 | _aInvestment | ||
| 700 | _aLawson, Robert A. | ||
| 700 | _aHolcombe, Randall G. | ||
| 773 | _aKyklos | ||
| 909 | _a70359 | ||
| 999 |
_c70359 _d70359 |
||